000 01268cam a22003374i 4500
003 URS
005 20220114152442.0
008 160913b xxu||||| |||| 00| 0 eng d
010 _a 00064753
020 _a9780073325507 (Laboratory Manual)
020 _a0072382619 (instructor's ed.)
040 _aDLC
_erda
_cDLC
_dDLC
_beng
041 0 _aengspa
042 _apcc
050 0 0 _aPC4129.E5
_bYa1 2009
245 0 0 _aPuntos de partida /
_cYates, Maria Sablo
250 _a8th
264 1 _aBoston :
_bMcGraw-Hill,
_c[2009]
264 4 _c©2009
300 _av,234 p :
_billustrations
_c27cm
336 _atext
_btxt
_2rdacontent
337 _aunmediated
_bn
_2rdamedia
338 _avolume
_bnc
_2rdacarrier
500 _aIncludes index.
500 _a"This is an EBI book"--T.pages verso.
650 0 _aSpanish language
_vTextbooks for foreign speakers
_xEnglish.
700 1 _aKnorre, Marty.
906 _a7
_bcbc
_corignew
_d1
_eocip
_f20
_gy-gencatlg
942 _2ddc
_cFR
999 _c6609
_d6609